| 000 -LEADER |
| fixed length control field |
00650nam a22001937a 4500 |
| 008 - FIXED-LENGTH DATA ELEMENTS--GENERAL INFORMATION |
| fixed length control field |
151021b xxu||||| |||| 00| 0 eng d |
| 020 ## - INTERNATIONAL STANDARD BOOK NUMBER |
| International Standard Book Number |
0314632638 |
| 041 0# - LANGUAGE CODE |
| Language code of text/sound track or separate title |
eng |
| 080 ## - UNIVERSAL DECIMAL CLASSIFICATION NUMBER |
| Universal Decimal Classification number |
004.45 |
| 100 1# - Rafti |
| Rafti |
Mandell, Steven L. |
| 245 10 - TITLE STATEMENT |
| Title |
Computers and data processing : |
| Statement of responsibility, etc |
Steven L. Mandell. |
| 250 ## - |
| -- |
2nd ed. |
| 260 ## - |
| -- |
St. Paul : |
| -- |
West Pub. Co., |
| -- |
1982 |
| 300 ## - |
| -- |
686 f. in various pagings, [16] f. of plates : |
| -- |
me il.; |
| -- |
26 cm. |
| 650 #0 - |
| -- |
Përpunimi i të dhënave elektronike |
| 650 #0 - |
| -- |
Kompjuterat elektronikë digjital |
| 650 #0 - |
| -- |
BASIC (Computer program language) |
| 942 ## - ADDED ENTRY ELEMENTS (KOHA) |
| Source of classification or shelving scheme |
|
| Item type |
Books |